| 000 | 01799cam a22004454i 4500 | ||
|---|---|---|---|
| 003 | PE-LiUPU | ||
| 005 | 20250731165415.0 | ||
| 008 | 151130s2007 pe grm 000 0 spa d | ||
| 035 | _a(Sirsi) a155293 | ||
| 040 |
_aPE-LiUPU _bspa _cPE-LiUPU _erda |
||
| 099 |
_aSP 3 _bJ77 2007 |
||
| 100 | 1 |
_aJove Mamami, Silvia Soledad _eautor |
|
| 245 | 1 |
_aImpacto del programa preventivo "Niños felices sin neumonia", en madres con niños menores de 5 años, del Distrito José Sabogal, Cajamarca - Perú, 2005 / _cSilvia Soledad Jove Mamani. |
|
| 264 | 0 | _c2007. | |
| 300 |
_a130 hojas _c30 cm |
||
| 336 |
_atext _2rdacontent |
||
| 337 |
_aunmediated _2rdamedia |
||
| 338 |
_avolume _2rdacarrier |
||
| 502 |
_aTesis _b(Mg.) -- _cUniversidad Peruana Unión, _d2007. |
||
| 504 | _aIncluye referencias | ||
| 520 | 3 | _aLas infecciones respiratorias agudas son una de las principales causas de morbi-mortalidad infantil. En la provincia de San Marcos cada vez más se va identificando incremento de la morbi-mortalidad por neumonía en niños menores de 5 años. Si solo se enseñara y se reforzara las conductas para que las madres modifiquen positivamente su conducta sobre medidas preventivas y reconocimiento oportuno de signos de peligro, se podría prevenir la neumonía. | |
| 526 | _aSEG44 | ||
| 526 | _aSEG26 | ||
| 526 | _aP151 | ||
| 526 | _aP150 | ||
| 526 | _aP149 | ||
| 526 | _aP146 | ||
| 526 | _aP145 | ||
| 526 | _aP126 | ||
| 526 | _aP125 | ||
| 526 | _aP92 | ||
| 526 | _aP75 | ||
| 526 | _aP74 | ||
| 526 | _aP27 | ||
| 526 | _aP15 | ||
| 650 | 0 | 4 |
_aNeumonía _xNiños. |
| 596 | _a1 | ||
| 942 |
_2ddc _cTESIS |
||
| 999 |
_aSP 3 J77 2007 _wALPHANUM _c7971 _iT01010 _lCCODEBUL3 _mBUL _r1 _sY _tTESIS _u2015-11-30 _xPOSGRADO _PP82 _o.STAFF. Tesis _d7971 |
||
| 980 |
_81 _gALBERTO SANCHEZ Responsable de Automatización |
||